Kabale University Library Catalogue

The vastness of natural languages / (Record no. 5875)

MARC details
000 -LEADER
fixed length control field 00807pam a2200241 a 4500
003 - CONTROL NUMBER IDENTIFIER
control field OSt
005 - DATE AND TIME OF LATEST TRANSACTION
control field 20260128160843.0
008 - FIXED-LENGTH DATA ELEMENTS--GENERAL INFORMATION
fixed length control field 260128b |||||||| |||| 00| 0 eng d
020 ## - INTERNATIONAL STANDARD BOOK NUMBER
International Standard Book Number 063114756X (pbk.) :
040 ## - CATALOGING SOURCE
Original cataloging agency KABLIB
Transcribing agency KABLIB
Language of cataloging eng.
Description conventions rda
082 00 - DEWEY DECIMAL CLASSIFICATION NUMBER
Classification number 415
Edition number 23
Item number LAN
100 1# - MAIN ENTRY--PERSONAL NAME
Personal name Langendoen, D. Terence.
9 (RLIN) 14813
245 14 - TITLE STATEMENT
Title The vastness of natural languages /
Statement of responsibility, etc. D. Terence Langendoen and Paul M. Postal.
260 ## - PUBLICATION, DISTRIBUTION, ETC.
Place of publication, distribution, etc. Oxford, UK ;
-- New York, NY, USA :
Name of publisher, distributor, etc. B. Blackwell,
Date of publication, distribution, etc. c1985, c1984.
300 ## - PHYSICAL DESCRIPTION
Extent ix, 189 p. ;
Dimensions 23 cm.
336 ## - CONTENT TYPE
Content type term text
Content type code txt
Source rdacontent
500 ## - GENERAL NOTE
General note Includes index.
504 ## - BIBLIOGRAPHY, ETC. NOTE
Bibliography, etc. note Bibliography: p. [177]-184.
650 #0 - SUBJECT ADDED ENTRY--TOPICAL TERM
Topical term or geographic name entry element Grammar, Comparative and general.
650 #0 - SUBJECT ADDED ENTRY--TOPICAL TERM
Topical term or geographic name entry element Mathematical linguistics.
9 (RLIN) 14814
700 1# - ADDED ENTRY--PERSONAL NAME
Personal name Postal, Paul Martin,
Dates associated with a name 1936-
9 (RLIN) 14815
942 ## - ADDED ENTRY ELEMENTS (KOHA)
Source of classification or shelving scheme Dewey Decimal Classification
Koha item type Book
Holdings
Withdrawn status Lost status Source of classification or shelving scheme Damaged status Not for loan Home library Current library Shelving location Date acquired Source of acquisition Total Checkouts Full call number Barcode Date last seen Price effective from Koha item type
    Dewey Decimal Classification     Education Library Education Library Open Access Section 28.01.2026 donation   415 LAN 14152 28.01.2026 28.01.2026 Book
    Dewey Decimal Classification     Education Library Education Library Open Access Section 28.01.2026 donation   415 LAN 14153 28.01.2026 28.01.2026 Book
    Dewey Decimal Classification     Education Library Education Library Open Access Section 28.01.2026 donation   415 LAN 14154 28.01.2026 28.01.2026 Book
    Dewey Decimal Classification     Education Library Education Library Open Access Section 28.01.2026 donation   415 LAN 14155 28.01.2026 28.01.2026 Book
    Dewey Decimal Classification     Education Library Education Library Open Access Section 28.01.2026 donation   415 LAN 14156 28.01.2026 28.01.2026 Book

Kabale University Library | Kabale University P.O Box 317, Kabale, Uganda
Tel : +256754017033, +256774661503 E-mail : library@kab.ac.ug